Stolice regionów Rosji cz. 2 - Statystyki

Ogólne statystyki
  • Ten quiz został rozwiązany 28 razy
  • Średni wynik to 19 z 27
Statystyki odpowiedzi
region stolica % Poprawnych
obwód czelabiński Czelabińsk
100%
obwód irkucki Irkuck
91%
obwód swierdłowski Jekaterynburg
91%
obwód nowosybirski Nowosybirsk
91%
obwód omski Omsk
91%
obwód tomski Tomsk
91%
Jakucja Jakuck
82%
obwód kurgański Kurgan
82%
obwód magadański Magadan
82%
obwód tiumieński Tiumeń
82%
Kraj Nadmorski Władywostok
82%
Czukocki Okręg Autonomiczny Anadyr
73%
Kraj Chabarowski Chabarowsk
73%
Kraj Zabajkalski Czyta
73%
obwód kemerowski Kemerowo
73%
Kraj Krasnojarski Krasnojarsk
73%
Tuwa Kyzył
64%
obwód sachaliński Sachalińsk
64%
Chakasja Abakan
55%
obwód amurski Błagowieszczeńsk
55%
Chanty-Mansyjski Okręg Autonomiczny Chanty-Mansyjsk
55%
Ałtaj Gornoałtajsk
55%
Buriacja Ułan Ude
55%
Kraj Ałtajski Barnauł
45%
Żydowski Okręg Autonomiczny Birobidżan
45%
Kraj Kamczacki Petropawłowsk Kamczacki
45%
Jamalsko-Nieniecki Okręg Autonomiczny Salechard
36%
Nie znaleziono quizów pasujących do podanych kryteriów
Rozkład punktacji
Procent ludzi z każdym wynikiem
Percentyl według liczby udzielonych odpowiedzi
Twoja historia wyników
Nie rozwiązałeś tego quizu